000 00647cam a2200229 4500500
005 20260329003647.0
041 _afre
042 _adc
100 1 0 _aGarnier, Philippe
_eauthor
245 0 0 _aLe stoïcisme est un héroïsme
260 _c2016.
500 _a44
690 _aInstant
690 _aKairos
690 _aMarc Aurèle
690 _aOccasion
690 _aPierre Vesperini
690 _aPrésent
690 _aStoïcien
786 0 _nPhilosophie magazine | 101 | 7 | 2016-07-01 | p. 32-35 | 1951-1787
856 4 1 _uhttps://shs.cairn.info/magazine-philosophie-magazine-2016-7-page-32?lang=fr&redirect-ssocas=7080
999 _c1826511
_d1826511